| 000 | 00446nam a2200181Ia 4500 | ||
|---|---|---|---|
| 008 | 240925s9999 xx 000 0 und d | ||
| 020 | _aNA | ||
| 082 | _a620.1123 SHA | ||
| 100 | _aShanley, F. R. | ||
| 245 | 0 | _aMechanics of Materials | |
| 250 | _a2nd | ||
| 260 |
_aNew York: _bMcGraw-Hill _c,1967. |
||
| 300 |
_axv,478p. _bNA _fOriginal |
||
| 500 | _aIncludes Index | ||
| 600 | _aElectrical Engineering | ||
| 650 | _aTechnology | ||
| 942 | _cBK | ||
| 999 |
_c3791 _d3791 |
||